000 00783nam a2200205Ii 4500
003 JO-AjNU
008 230605s9999||||xx |||||||||||||| ||und||
040 _aJO-AjNU
_bara
_erda
_cJO-AjNU
041 _aara
050 1 4 _aBP166.93.M366 2001
100 3 _aالمندلاوي، محمد محمود,
_eauthor
_956475
245 0 0 _aنهاية صراع الأديان بظهور المهدي آخر الزمان، ج1
250 _aط1
264 3 1 _aبيروت: دار الحجة البيضاء للطباعة والنشر والتوزيع، 2001
300 _aج1، 288ص
336 _atext
_btxt
_2rdacontent
337 _aunmediated
_bn
_2rdamedia
338 _avolume
_bnc
_2rdacarrier
650 4 _aصراع الاديان- علامات الساعة- ظهور المهدي
_956476
999 _aA25250
_c28818
_d28818